| 000 | 00684nam a2200205Ia 4500 | ||
|---|---|---|---|
| 003 | GCL | ||
| 008 | 140319s9999 xx 000 0 ara d | ||
| 040 |
_aGCL / _cGCL |
||
| 082 | 0 | 4 |
_a896.3 _bا ع |
| 100 | 1 | _aابراهامز، بيتر | |
| 245 | 1 | 0 |
_aعامل المنجم / _cابراهامز، بيتر |
| 700 | 1 | _aمحمد عبدالواحد محمد | |
| 260 |
_aالقاهرة : _bالمجلس الاعلى للثقافة ، _c2000 |
||
| 300 |
_a321 ص ؛ _c20 سم |
||
| 490 |
_aالمشروع القومى للترجمة _v0 |
||
| 650 | 0 | 4 | _aالادب المترجم |
| 650 | 0 | 4 | _aالادب الافريقى |
| 650 | 0 | 4 | _aالقصص الافريقية |
| 942 |
_2ddc _cBK |
||
| 999 |
_c595 _d595 |
||